Statistics for Founding Fathers of The United States of America

Click here to take the quiz!

General Stats

  • This quiz has been taken 64 times
  • The average score is 25 of 147

Answer Stats

State/ProvinceName% Correct
VirginiaGeorge Washington
100%
MassachusettsJohn Adams
96%
VirginiaThomas Jefferson
96%
MassachusettsSamuel Adams
92%
ConnecticutAndrew Adams
89%
VirginiaJames Madison
89%
VirginiaThomas Adams
89%
PennsylvaniaBenjamin Franklin
81%
New YorkAlexander Hamilton
68%
MassachusettsJohn Hancock
66%
South CarolinaWilliam Jackson
49%
MarylandThomas Johnson
47%
ConnecticutWilliam Samuel Johnson
47%
PennsylvaniaJames Smith
45%
PennsylvaniaJonathan Bayard Smith
45%
New JerseyRichard Smith
45%
New YorkJohn Jay
42%
North CarolinaJohn Williams
40%
ConnecticutWilliam Williams
40%
VirginiaBenjamin Harrison
38%
PennsylvaniaGeorge Taylor
32%
PennsylvaniaJames Wilson
30%
North CarolinaJohn Penn
30%
VirginiaFrancis Lightfoot Lee
28%
New York/PennsylvaniaGouverneur Morris
28%
New YorkLewis Morris
28%
VirginiaPatrick Henry
28%
VirginiaRichard Henry Lee
28%
PennsylvaniaRobert Morris
28%
MassachusettsRobert Treat Paine
26%
MassachusettsRufus King
25%
New YorkFrancis Lewis
21%
New JerseyAbraham Clark
19%
MarylandCharles Carroll of Carrollton
19%
MarylandDaniel Carroll
19%
North CarolinaHugh Williamson
19%
PennsylvaniaJoseph Reed
19%
PennsylvaniaBenjamin Rush
17%
DelawareGeorge Read
17%
GeorgiaGeorge Walton
17%
Delaware/PennsylvaniaJohn Dickinson
17%
GeorgiaJohn Walton
17%
MassachusettsElbridge Gerry
15%
GeorgiaLyman Hall
15%
MarylandSamuel Chase
15%
Rhode IslandStephen Hopkins
15%
South CarolinaCharles Cotesworth Pinckney
13%
South CarolinaCharles Pinckney
13%
New JerseyJohn Hart
13%
New YorkPhilip Livingston
13%
DelawareThomas McKean
13%
New JerseyWilliam Livingston
13%
South CarolinaEdward Rutledge
11%
VirginiaGeorge Wythe
11%
South CarolinaJohn Rutledge
11%
New HampshireJosiah Bartlett
11%
ConnecticutSamuel Huntington
11%
VirginiaThomas Nelson Jr.
11%
North CarolinaWilliam Hooper
11%
MarylandWilliam Paca
11%
DelawareCaesar Rodney
9%
VirginiaCarter Braxton
9%
PennsylvaniaGeorge Ross
9%
New JerseyJohn Witherspoon
9%
VirginiaPeyton Randolph
9%
South CarolinaPierce Butler
9%
ConnecticutRoger Sherman
9%
Rhode IslandSamuel Ward
9%
New JerseyWilliam Paterson
9%
GeorgiaAbraham Baldwin
8%
South CarolinaArthur Middleton
8%
GeorgiaButton Gwinnett
8%
New JerseyFrancis Hopkinson
8%
South CarolinaHenry Laurens
8%
South CarolinaHenry Middleton
8%
DelawareJacob Broom
8%
VirginiaJohn Blair
8%
Rhode IslandJohn Collins
8%
VirginiaJohn Harvie
8%
PennsylvaniaJohn Morton
8%
New HampshireJohn Sullivan
8%
New JerseyRichard Stockton
8%
South CarolinaThomas Heyward Jr.
8%
South CarolinaThomas Lynch
8%
South CarolinaThomas Lynch Jr.
8%
MarylandThomas Stone
8%
New YorkWilliam Floyd
8%
New HampshireWilliam Whipple
8%
MarylandDaniel of St. Thomas Jenifer
6%
New JerseyDavid Brearley
6%
GeorgiaEdward Telfair
6%
MassachusettsFrancis Dana
6%
MarylandJohn Hanson
6%
New JerseyJonathan Dayton
6%
North CarolinaJoseph Hewes
6%
New HampshireMatthew Thornton
6%
DelawareNicholas Van Dyke
6%
ConnecticutOliver Wolcott
6%
DelawareRichard Bassett
6%
North CarolinaWilliam Blount
6%
Rhode IslandWilliam Ellery
6%
South CarolinaChristopher Gadsden
4%
PennsylvaniaEdward Biddle
4%
PennsylvaniaGeorge Clymer
4%
DelawareGunning Bedford Jr.
4%
New YorkHenry Wisner
4%
New YorkIsaac Low
4%
New YorkJames Duane
4%
MassachusettsJames Lovell
4%
MarylandJames McHenry
4%
PennsylvaniaJared Ingersoll
4%
New YorkJohn Alsop
4%
VirginiaJohn Banister
4%
New JerseyJohn De Hart
4%
New HampshireJohn Langdon
4%
New HampshireNicholas Gilman
4%
VirginiaRichard Bland
4%
North CarolinaRichard Caswell
4%
New YorkSimon Boerum
4%
New YorkWilliam Duer
4%
GeorgiaWilliam Few
4%
PennsylvaniaCharles Humphreys
2%
North CarolinaCornelius Harnett
2%
PennsylvaniaDaniel Roberdeau
2%
VirginiaEdmund Pendleton
2%
GeorgiaEdward Langworthy
2%
ConnecticutEliphalet Dyer
2%
Rhode IslandHenry Marchant
2%
New JerseyJames Kinsey
2%
South CarolinaJohn Mathews
2%
New HampshireJohn Wentworth Jr.
2%
PennsylvaniaJoseph Galloway
2%
MarylandMatthew Tilghman
2%
New HampshireNathaniel Folsom
2%
MassachusettsNathaniel Gorham
2%
New JerseyNathaniel Scudder
2%
North CarolinaRichard Dobbs Spaight
2%
South CarolinaRichard Hutson
2%
MassachusettsSamuel Holten
2%
ConnecticutSilas Deane
2%
New JerseyStephen Crane
2%
MassachusettsThomas Cushing
2%
PennsylvaniaThomas Fitzsimons
2%
PennsylvaniaThomas Mifflin
2%
ConnecticutTitus Hosmer
2%
PennsylvaniaWilliam Clingan
2%
South CarolinaWilliam Henry Drayton
2%

Score Distribution

Percentile by Number Answered

Percent of People with Each Score

Your Score History

You have not taken this quiz